000 00606nam a2200169 i 4500
001 21446
003 ES-MaACL
005 20231224062911.0
007 t|
008 021125s1899 sp ||||1| spa d
100 1 _aCasa de Valencia, Emilio Alcalá Galiano y Valencia,
_cConde de,
_d1831-1914
_919462
245 1 0 _aVarios discursos del Conde de Casa Valencia /
_cEmilio Alcalá Galiano-Valencia, Conde de Casa Valencia.
260 _aMadrid :
_b[s.n.],
_c1899 (
_fEstablecimiento Tipográfico de Fortanet)
300 _a251 p. ;
_c19 cm.
852 _aES-MaACL
_jF-13472
999 _c21446
_d21446